2025 NFL Free Agency - Statistics

General Stats
  • This quiz has been taken 42 times
  • The average score is 14 of 35
Answer Stats
Team Position Salary Answer % Correct
Seahawks QB 3/100,500,000 Sam Darnold
100%
Patriots WR 3/63,500,000 Stefon Diggs
92%
Seahawks WR 3/45,000,000 Cooper Kupp
76%
Rams WR 2/44,000,000 Devante Adams
73%
Patriots DT 4/104,000,000 Milton Williams
73%
Jets QB 2/40,000,000 Justin Fields
68%
Cardinals DL 4/76,400,000 Josh Sweat
51%
Colts CB 3/54,000,000 Charvarius Ward
43%
Seahawks EDGE 3/32,500,000 Demarcus Lawrence
43%
Vikings DL 3/51,000,000 Jonathon Allen
43%
Titans T 4/82,000,000 Dan Moore
41%
Chiefs T 2/30,000,000 Jaylon Moore
41%
Packers G 4/77,000,000 Aaron Banks
38%
Colts S 4/60,000,000 Camryn Bynum
38%
Lions CB 3/48,000,000 D.J. Reed
38%
Giants S 3/45,300,000 Jevon Holland
38%
Broncos S 3/39,000,000 Talanoa Hufanga
38%
Vikings G 5/87,720,000 Will Fries
38%
Patriots CB 3/54,000,000 Carlton Davis
35%
Broncos LB 3/31,500,000 Dre Greenlaw
35%
Bears C 3/42,000,000 Drew Dalman
35%
Vikings DL 2/30,000,000 Javon Hargrave
32%
Patriots EDGE 3/43,500,000 Harold Landry
30%
Bears DL 3/42,750,000 Grady Jarrett
27%
Saints S 3/31,500,000 Justin Reid
27%
Giants CB 3/54,000,000 Paulson Adebo
27%
Patriots LB 3/33,000,000 Robert Spillane
27%
Packers CB 3/48,000,000 Nate Hobbs
24%
Panthers S 3/51,000,000 Trevon Moehrig
19%
Commanders DL 3/45,000,000 Javon Kinlaw
16%
Panthers DL 3/45,050,000 Tershawn Wharton
16%
Jets CB 3/36,000,000 Brandon Stephens
11%
Bears EDGE 3/48,000,000 Dayo Odeyingbo
11%
Jaguars CB 3/30,000,000 Jourdan Lewis
8%
Jaguars G 3/37,500,000 Patrick Mekari
8%
No matching quizzes found
Score Distribution
Percent of People with Each Score
Percentile by Number Answered
Your Score History
You have not taken this quiz